| 000 | 00845nam a22002297a 4500 | ||
|---|---|---|---|
| 999 |
_c19019 _d19019 |
||
| 003 | AR-CdUCM | ||
| 008 | 190516b ||||| |||| 00| 0 spa d | ||
| 040 |
_aMUNICIPALIDAD PROVINCIAL DEL CUSCO _cBIBLIOTECA MUNICIPAL DEL CUSCO |
||
| 082 |
_a611.013 / _bM84 |
||
| 100 |
_aMontagu, Ashley _940059 |
||
| 245 | _aLa vida prenatal / | ||
| 260 |
_aBuenos Aires : _bTroquel, _c1966. |
||
| 300 |
_a292 paginas ; _c21 cm. |
||
| 500 | _aTitulo original : Life before birth | ||
| 505 | _aContenido : Sucesos de mayor importancia -- Las etapas importantes -- La mejor provisión una buena alimentación -- El alimento de la vida... | ||
| 650 |
_aAlimentación _919429 |
||
| 650 |
_aEtapas de la vida _940060 |
||
| 650 |
_aPrenatal _940061 |
||
| 700 |
_aGuastavino Maerta I.(Traducción) _940062 |
||
| 942 |
_2ddc _cLIBROS |
||
| 945 |
_awnts _d2019-05-16 |
||